000 00525nam a2200181Ia 4500
003 IIN
005 20240202164509.0
008 231217s9999 xx 000 0 und d
020 _cRs.750.00
_a9788123927015
040 _aIIN
_bEnglish
082 _a610.7343
_bMAN
100 1 _aManivannan, Shyamala D.
245 1 _aTextbook of Community Health Nursing:
_bfor B.Sc Nursing /
_cShyamala D. Manivannan
260 _bCBS
_aNew Delhi
_c2017
300 _axxii, 436 p . / Vol.1
650 1 _aCommunity Health Nursing
942 _cBOOK
999 _c912
_d912